000 00544nam a2200157 i 4500
001 102061
003 ES-MaACL
005 20230906183034.0
007 t|
008 051103s1927 sp ||||1| spa d
110 2 _aCírculo de la Unión Mercantil Hispano-Americano (Barcelona)
_92828
245 1 0 _aMemoria correspondiente al año 1926
_b: Junta General celebrada en 22 Enero 1927 /
_cCírculo de la Unión Mercantil Hispano-Americano.
260 _aBarcelona :
_bFeliu,
_c1927.
300 _a14 p. ;
_c21 cm.
852 _aES-MaACL
_j1715-F-2
999 _c102061
_d102061